000 00746nas a2200229 i 4500
001 174308
003 ES-MaACL
005 20250217134856.0
008 100330c1979 sp | | ||pa d
022 _a1137-7550
080 _a343
245 0 0 _aEstudios penales y criminológicos /
_c[Instituto de Criminología de la Universidad de Santiago de Compostela].
260 _aSantiago de Compostela :
_bSecretariado de Publicaciones de la Universidad de Santiago de Compostela,
_c1979-
300 _a2 v. ;
_c21 cm.
310 _aAnual
362 0 _aN. 3 (1979)-
650 4 _aCriminología.
_9135832
780 0 0 _tEstudios penales
852 _aES-MaACL
_jC-57231-32
866 0 _o1979 (nº 3), 1980 (nº4).
999 _c174308
_d174308